| 000 | 01859nam0a2200385 4500 | ||
|---|---|---|---|
| 001 | RU\NLR\BIBL_A\022727559 | ||
| 005 | 20260426080615.0 | ||
| 010 |
_a978-5-9973-7192-0 _9500 |
||
| 021 |
_aRU _bКН-П-25-079147 _9КН-П-25-7673 |
||
| 035 | _a(NLR Aleph) 022727559 | ||
| 090 |
_a13696648 _c13696648 |
||
| 100 | _a20260213d2025 k y0rusy50 ca | ||
| 101 | 0 | _arus | |
| 102 | _aRU | ||
| 105 | _ay z 000yy | ||
| 181 | 0 |
_ai4 _baxxe |
|
| 182 | 0 | _an | |
| 200 | 1 |
_aИсследование распространенных психологических проблем китайских студентов в эпоху интернета и стратегий их решения _eмонография _fФан Цзюань, А. С. Огнев |
|
| 203 |
_aТекст _bвизуальный _cнепосредственный |
||
| 210 |
_aМосква _cСпутник+ _d2025 |
||
| 215 |
_a181 с. _d21 |
||
| 300 | _aНа с. 176 авторы: Фан Цзюань, д-р психол. наук, доц., Огнев А. С., д-р психол. наук, проф. | ||
| 320 | _aБиблиогр.: с. 177-181 | ||
| 606 | 1 |
_aСтуденты _xПсихическое здоровье _92547206 _3RU\NLR\AUTH\6601720834 |
|
| 606 | 1 |
_aINTERNET, глобальная информационная сеть _xПсихологическое воздействие на молодежь _92330283 _3RU\NLR\AUTH\6601617781 |
|
| 686 | 1 | _aЮ940.3 | |
| 686 | 1 | _aЮ948.1-8 | |
| 686 | 1 | _aC550.57 | |
| 686 | 1 | _aЮ937.42 | |
| 700 | 0 | _aФан Цзюань | |
| 701 | 1 |
_aОгнев _bА. С. _cд-р психол. наук, канд. физ.-мат. наук _f1961- _gАлександр Сергеевич _9161004 _3RU\NLR\AUTH\770161046 |
|
| 942 | _cBOOK | ||
| 980 | _aNB | ||